| 000 | 00465nam a2200181Ia 4500 | ||
|---|---|---|---|
| 001 | 19833 | ||
| 005 | 20260306172722.0 | ||
| 008 | 260306t2001||||xx |||||||||||||| ||spa|| | ||
| 041 | _aESP | ||
| 082 |
_a341.11 _bF42 |
||
| 100 |
_aFernández Sessarego, Carlos _eAUT |
||
| 245 | 0 |
_aDerecho y persona: _bintroducción a la teoría del derecho |
|
| 260 | _c2001 | ||
| 300 |
_a179 páginas : _c20 cm. |
||
| 650 | _aGEN | ||
| 654 | _aCDE | ||
| 942 |
_cLIB _dJUS _fJUS _2ddc _n |
||
| 999 |
_c19833 _d19833 |
||